00610nam a2200193Ia 450000500170000000800390001702000150005602000140007104000360008504100080012110000190012924500550014826000610020330000180026450400530028265000350033565000180037065000280038820160223152105.0130912s1998 enk frn 001 0deng a0521343399 a521405742 aCO-BoUCMbspac[Nuevo]d[Nuevo]00aeng aMills, Terence00aTime series tecniques for economistcTerence Mills aCambridge (Inglaterra)bCambridge University Pressc1998 a377 páginas aIncluye referencias bibliográficas e índices 7aAnálisis de series de tiempo 7aEconometría 7aEconomía matemática